| 000 | 00944nam a2200265 a 4500 | ||
|---|---|---|---|
| 003 | MX-MxUPN | ||
| 005 | 20250322063757.0 | ||
| 008 | 991125s1973 ag fr 000 0 spa d | ||
| 035 | _aUPN01000054467 | ||
| 040 |
_aMX-MxUPN _bspa _cMX-MxUPN |
||
| 041 | _aspa | ||
| 050 | 4 |
_aLC191 _bS62 1973 |
|
| 245 | 0 | 3 | _aLa sociedad y la educación en América Latina |
| 250 | _aQuinta edición | ||
| 260 |
_aBuenos Aires : _bEditorial Universitaria de Buenos Aires, _c1973. |
||
| 300 | _a335 páginas | ||
| 490 | 0 | _aLa escuela en el tiempo. Manuales | |
| 650 | 4 |
_aEducación y sociedad _96876 |
|
| 650 | 4 |
_aSociología de la educación _94896 |
|
| 700 | 1 |
_aHavighurst, Robert J., _ecolaboración _cHavighurst, Robert J. _q(Robert James), _953856 _d1900-1991 |
|
| 710 | 2 |
_951353 _aCentro Nacional de Documentación e Información Educativa (México) _epropietario anterior |
|
| 902 | _bMaríaRobles/021024 | ||
| 905 | _aLibro | ||
| 942 |
_2lcc _cLIBRO _n0 |
||
| 999 |
_c54467 _d54467 |
||